| 000 | 00442nam a2200157 a 4500 | ||
|---|---|---|---|
| 001 | 000028132 | ||
| 005 | 20200930031357.0 | ||
| 008 | 110406s1985 dr a 000 0 spa d | ||
| 040 |
_aDO-SdBNP _bspa _cBNPHU |
||
| 082 |
_axxx _bR696p |
||
| 100 | 1 |
_aRodrÃguez, Rafael Augusto _955135 |
|
| 245 | 1 | 0 |
_aEl preso y yo / _cRafael Augusto RodrÃguez. |
| 260 |
_aSanto Domingo : _bCENAPEC, _c1985. |
||
| 300 |
_a19 p. : _bil. ; _c14 cm. |
||
| 049 | _aBNPD | ||
| 999 |
_c27624 _d27624 |
||